Pairwork and groupwork : (Record no. 16098)

MARC details
000 -LEADER
fixed length control field 01186nam a22003137a 4500
003 - CONTROL NUMBER IDENTIFIER
control field EG-ScBUE
005 - DATE AND TIME OF LATEST TRANSACTION
control field 20191214105408.0
008 - FIXED-LENGTH DATA ELEMENTS--GENERAL INFORMATION
fixed length control field 110928r20102009enka f 000 0 eng d
020 ## - INTERNATIONAL STANDARD BOOK NUMBER
International Standard Book Number 9780521716338
040 ## - CATALOGING SOURCE
Original cataloging agency EG-ScBUE
Language of cataloging eng
Description conventions rda
Transcribing agency EG-ScBUE
Modifying agency EG-ScBUE
082 04 - DEWEY DECIMAL CLASSIFICATION NUMBER
Classification number 428.24
Item number LEV
Edition number 22
100 1# - MAIN ENTRY--PERSONAL NAME
9 (RLIN) 27392
Personal name Levy, Meredith,
Relator term author.
245 10 - TITLE STATEMENT
Title Pairwork and groupwork :
Remainder of title multi-level photocopiable activities for teenagers /
Statement of responsibility, etc Meredith Levy, Nicholas Murgatroyd.
250 ## - EDITION STATEMENT
Edition statement Reprint edition.
264 #1 - PUBLICATION, DISTRIBUTION, ETC. (IMPRINT)
Place of publication, distribution, etc Cambridge :
Name of publisher, distributor, etc Cambridge University Press,
Date of publication, distribution, etc 2010.
300 ## - PHYSICAL DESCRIPTION
Extent 119 pages :
Other physical details illustrations ;
Dimensions 30 cm.
336 ## - CONTENT TYPE
Source rdacontent
Content type term text
Content type code txt
337 ## - MEDIA TYPE
Source rdamedia
Media type term unmediated
Media type code n
338 ## - CARRIER TYPE
Source rdacarrier
Carrier type term volume
Carrier type code nc
490 0# - SERIES STATEMENT
Series statement Cambridge copy collection
520 ## - SUMMARY, ETC.
Summary, etc A rich resource for stimulating extra communication practice in pairs and groups.<br/><br/>
590 ## - LOCAL NOTE (RLIN)
Local note amira yasser
650 #7 - SUBJECT ADDED ENTRY--TOPICAL TERM
Topical term or geographic name as entry element English language
General subdivision Composition and exercises.
Source of heading or term BUEsh
9 (RLIN) 10202
650 #7 - SUBJECT ADDED ENTRY--TOPICAL TERM
Topical term or geographic name as entry element English language
General subdivision Study and teaching.
Source of heading or term BUEsh
9 (RLIN) 10318
653 ## - INDEX TERM--UNCONTROLLED
Arrived date list September2011
Resource For college Humanities: English
655 ## - INDEX TERM--GENRE/FORM
Form subdivision Reading book
700 1# - ADDED ENTRY--PERSONAL NAME
9 (RLIN) 27391
Personal name Murgatroyd, Nicholas,
Relator code author.
942 ## - ADDED ENTRY ELEMENTS (KOHA)
Source of classification or shelving scheme Dewey Decimal Classification
Koha item type Book - Borrowing
Holdings
Withdrawn status Lost status Source of classification or shelving scheme Damaged status Not for loan Collection code Home library Current library Shelving location Date acquired Source of acquisition Total Checkouts Total Renewals Full call number Barcode Date last seen Date checked out Price effective from Koha item type
    Dewey Decimal Classification     Baccah Central Library Central Library Second Floor 28/09/2011   1 1 428.24 LEV TR 000024955 15/07/2025 20/02/2013 28/09/2011 Book - Teacher Resource